A Confession of faith : put forth by the elders and brethren of many congregations of Christians (baptized upon profession of their faith) in London and the country. Adopted by the Baptist Association in Charlestown, South-Carolina. : To which is annexed, a summary of church-discipline. : [Three lines of Scripture texts].

Bibliographic Details
Corporate Author: Charleston Baptist Association (S.C.)
Format: eBook
Language:English
Series:Early American imprints. Evans (1639-1800) ; no. 42552.
Subjects:
Online Access:Evans Digital Edition

MARC

Tag First Indicator Second Indicator Subfields
LEADER 00000cam a22000001a 4500
001 in00002164521
006 m e d #
007 cr mn mmmmabba
008 850207s1774 scu s 000 0 eng d
005 20260330192028.8
035 |z w009502 
035 |a MAAR8502072705B 
035 |9 mwa91-31842 
035 |a 316232 
035 |a aas03009502 
040 |a MWA  |c MWA  |e bdrb  |d UtOrBLW 
245 0 2 |a A Confession of faith :  |b put forth by the elders and brethren of many congregations of Christians (baptized upon profession of their faith) in London and the country. Adopted by the Baptist Association in Charlestown, South-Carolina. : To which is annexed, a summary of church-discipline. : [Three lines of Scripture texts]. 
264 3 |a Charlestown [S.C.] :  |b Printed by David Bruce, in Church-Street,  |c MDCCLXXIV. [1774] 
300 |a viii, 2 unnumbered pages, 88 pages, 8 unnumbered pages, 50 pages, 2 unnumbered pages ;  |c 15 cm. 
336 |a text  |b txt  |2 rdacontent 
337 |a computer  |b c  |2 rdamedia 
338 |a online resource  |b cr  |2 rdacarrier 
500 |a "A summary of church-dicipline [sic]. Shewing the qualifications and duties of the officers and members, of a Gospel-church. By the Baptist-Association, in Charlestown, South-Carolina."--[8], 50, [2] pages, with separate title page (Gould & Morgan 391). 
510 4 |a Bristol  |c B3686 
510 4 |a Shipton & Mooney  |c 42552 
510 4 |a Gould & Morgan. South Carolina,  |c 389 
510 4 |a Gould & Morgan. South Carolina,  |c 391 
530 |a Microform version available in the Readex Early American Imprints series. 
533 |a Electronic text and image data.  |b [Chester, Vt. :  |c Readex, a division of Newsbank, Inc.,  |d 2002-2004.  |e Includes files in TIFF, GIF and PDF formats with inclusion of keyword searchable text.  |f (Early American imprints. First series ; no. 42552). 
500 |a Electronic resource. 
650 0 |a Baptists  |v Creeds. 
710 2 |a Charleston Baptist Association (S.C.) 
752 |a United States  |b South Carolina  |d Charleston. 
830 0 |a Early American imprints.  |n Series I,  |p Evans (1639-1800) ;  |v no. 42552. 
856 4 1 |u http://proxy.library.tamu.edu/login?url=https://opac.newsbank.com/select/evans/42552  |y Evans Digital Edition  |t 0 
999 |a MARS 
999 f f |s e0eb437e-048b-32c0-adaa-02f79c6f17a0  |i 12c4303f-6870-3dba-99b6-85ae6288a263  |t 0 
952 f f |a Texas A&M University  |b College Station  |c Electronic Resources  |s www_evans  |d Available Online  |t 0  |h No information provided 
998 f f |t 0  |l Available Online